00000000nam##2200000za#4500
0019.538636
003CaOODSP
00520200327021500
007ta
008150406|2003||||xxc|||||     f|0| 0 eng|d
022 |a0706-6457
040 |aCaOODSP|beng
041 |aeng
041 |afre
043 |an-cn---
0861 |aFs97-6/2463
1101 |aCanada. |bDepartment of Fisheries and Oceans.
24510|aNational Science Workshop 2002, Fisheries and Oceans Canada, Burlington, Ontario / |cEditors, R.G. Randall et al.
260 |aOttawa - Ontario : |bFisheries and Oceans Canada |c2003.
300 |axiii, 234p. : |bfigs., references, tables ; |c28 cm.
4901 |aCanadian technical report of fisheries and aquatic sciences|x0706-6457|v2463
500 |aOn title page: Fisheries and Oceans Canada, Bayfield Institute, 867 Lakeshore Road, Burlington, Ontario L7R 4A6, Fisheries and Oceans Canada, Gulf Region, 343 University Street, Moncton, New Brunswick E1C 9B6, Fisheries and Oceans Canada, Bedford Institute of Oceanography, 1 Challenger Drive, Dartmouth, Nova Scotia B2Y 4A2, Fisheries and Oceans Canada, National Capital Region, 200 Kent Street, Ottawa, Ontario K1A 0E6.
563 |aSpiral binding
590 |a03-31|b2003-08-01
69007|aFish|2gcpds
69007|aSamples|2gcpds
7760#|tAtelier national des sciences 2002, Pêches et Océans Canada, Burlington (Ontario) / |w(CaOODSP)9.588178
792 |tAtelier national des sciences 2002, Pêches et Océans Canada, Burlington (Ontario) / |efre|w(CaOODSP)9.538637
830#0|aCanadian technical report of fisheries and aquatic sciences,|x0706-6457|v2463|w(CaOODSP)9.514690